000 00350 a2200157 4500
001 75817
020 _a8576760290
040 _cAnchieta - Colégio São Paulo
100 _aRodda, Emily
240 1 0 _aO lago das lágrimas
_lpor
245 1 0 _aO lago das lágrimas
300 _a103
362 0 _a2010
650 4 _aLiteratura juvenil
942 _cBK
999 _c75817
_d75817